000 00445nam a2200145Ia 4500
008 100415s9999 xx 000 0 und d
082 _b12929
_a634.9(5492)
100 _aHusain Kazi Zaker
245 _aAn inrtroduction to the wildlife of Bangladesh
260 _aDACCA
_c1974
_bF.AHMED
365 _b0
630 _aAn inrtroduction to the wildlife of Bangladesh
730 _aAn inrtroduction to the wildlife of Bangladesh
942 _cBOOK
999 _c595846
_d595843